Normal view
MARC view
- الربيع العربي، 2010- -- الجوانب الاقتصادية -- الأردن -- سياسة وحكومة -- بحوث -- الأردن -- أحوال اقتصادية -- بحوث
Entry Topical Term
001 - CONTROL NUMBER
- control field: 46125
003 - CONTROL NUMBER IDENTIFIER
- control field: JO-AjAnu
005 - DATE AND TIME OF LATEST TRANSACTION
- control field: 20230606081626.0
008 - FIXED-LENGTH DATA ELEMENTS
- fixed length control field: 230606|| aca||aabn | a|a d
040 ## - CATALOGING SOURCE
- Original cataloging agency: JO-AjAnu
- Transcribing agency: JO-AjAnu
150 ## - HEADING--TOPICAL TERM
- Topical term or geographic name entry element: الربيع العربي، 2010- -- الجوانب الاقتصادية -- الأردن -- سياسة وحكومة -- بحوث -- الأردن -- أحوال اقتصادية -- بحوث
670 ## - SOURCE DATA FOUND
- Source citation: Work cat.: (JO-AjAnu)23611: الجامعة الأردنية. مركز الدراسات الاستراتيجية. المرصد والدراسات الاقتصادية, author 46124, أداء الاقتصاد الأردني في ظل الربيع العربي : أوراق بحثية